Văn hóa cổ truyền của người Hrê ở huyện An Lão tỉnh Bình Định
Sưu tầm, nghiên cứu văn hóa cổ truyền, vùng cư trú của 32 làng Hrê nằm trên Trường Lũy ở An Lão tỉnh Bình Định.
Gorde:
| Egile nagusia: | |
|---|---|
| Formatua: | Liburua |
| Hizkuntza: | Undetermined |
| Argitaratua: |
Hà Nội
Khoa học - Xã hội
2015
|
| Gaiak: | |
| Etiketak: |
Etiketa erantsi
Etiketarik gabe, Izan zaitez lehena erregistro honi etiketa jartzen!
|
| Thư viện lưu trữ: | Trung tâm Học liệu Trường Đại học Cần Thơ |
|---|
| LEADER | 00899nam a2200205Ia 4500 | ||
|---|---|---|---|
| 001 | CTU_209439 | ||
| 008 | 210402s9999 xx 000 0 und d | ||
| 082 | |a 398.0959754 | ||
| 082 | |b Nh121 | ||
| 100 | |a Nguyễn, Xuân Nhân | ||
| 245 | 0 | |a Văn hóa cổ truyền của người Hrê ở huyện An Lão tỉnh Bình Định | |
| 245 | 0 | |c Nguyễn Xuân Nhân (Chủ biên) ; Đinh Văn Thành (Cộng tác) | |
| 260 | |a Hà Nội | ||
| 260 | |b Khoa học - Xã hội | ||
| 260 | |c 2015 | ||
| 520 | |a Sưu tầm, nghiên cứu văn hóa cổ truyền, vùng cư trú của 32 làng Hrê nằm trên Trường Lũy ở An Lão tỉnh Bình Định. | ||
| 650 | |a Văn hóa dân gian,Folklore | ||
| 650 | |z Việt Nam,Vietnam | ||
| 904 | |i Trần Thu Thảo,Hải | ||
| 980 | |a Trung tâm Học liệu Trường Đại học Cần Thơ | ||